Aestheticians : (Record no. 103581)

MARC details
000 -LEADER
fixed length control field 00567nam a22001697a 4500
005 - DATE AND TIME OF LATEST TRANSACTION
control field 20160922154737.0
010 ## - LCCN (DPL NO)
LC control number ENG-116084
020 ## - INTERNATIONAL STANDARD BOOK NUMBER
International Standard Book Number 9788123018683
Terms of availability 90.00
035 ## - SYSTEM CONTROL NUMBER
System control number EN-99616
037 ## - SOURCE OF ACQUISITION
Source of stock number/acquisition DBAD/PUB
082 ## - DEWEY DECIMAL CLASSIFICATION NUMBER
Classification number 809.2
245 ## - TITLE STATEMENT
Title Aestheticians :
Remainder of title cultural leaders of India /
260 ## - PUBLICATION, DISTRIBUTION, ETC. (IMPRINT)
Place of publication, distribution, etc New Delhi
Name of publisher, distributor, etc Publication Division
Date of publication, distribution, etc 2013
270 ## - ADDRESS
Address Ministory of Information and Boardcasting Government Of India,Soochna Bhawan,CGO Complex,Lodhi Road
City New Delhi
Postal code 110003
300 ## - PHYSICAL DESCRIPTION
Extent vii,122p.
Dimensions 22cm(pbk)
942 ## - ADDED ENTRY ELEMENTS (KOHA)
Source of classification or shelving scheme Dewey Decimal Classification
Item type English Books
Classification part 616.89
Call number suffix AES
Holdings
Withdrawn status Lost status Not for loan Collection code Home library Current library Date acquired Source of acquisition Cost, normal purchase price Full call number Barcode Copy number Cost, replacement price Koha item type
    Not For Loan Non-fiction D.B.Act.Division D.B.Act.Division 22/09/2016 DBAD/PUB 90.00 616.89 AES EN-99616 1 90.00 English Books

© Delhi Public Library
Hit Counter
free hit counter